Statistiques concernant Verbes en espagnol

Cliquez ici pour prendre le quiz!

Statistiques générales

  • Ce quiz a été pris 457 fois
    (418 depuis la dernière actualisation)
  • Le résultat moyen est 66 sur 152

Statistiques - réponses

Verbes% Correct
EtreSer
96%
YoSoy
94%
El, Ella, UstedEs
91%
Eres
89%
NosotrosSomos
88%
Ellos, Ellas, UstedesSon
82%
EtreEstar
76%
AvoirTener
76%
Yotengo
76%
El, Ella, Ustedestà
75%
Yoestoy
75%
Nosotrosestamos
74%
Ellos, Ellas, Ustedesestan
74%
estàs
74%
Vosotrosestàis
73%
ParlerHablar
73%
Yohablo
73%
Nosotrostenemos
71%
El, Ella, Ustedtiene
71%
DormirDormir
70%
El, Ella, Ustedhabla
70%
Nosotroshablamos
70%
hablas
70%
Vosotrostenéis
70%
Vosotroshablais
69%
Ellos, Ellas, Ustedeshablan
69%
Ellos, Ellas, Ustedestienen
68%
VosotrosSois
66%
Yoduermo
64%
El, Ella, Ustedduerme
63%
duermes
63%
AllerIr
61%
FaireHacer
60%
PouvoirPoder
60%
SavoirSaber
60%
El, Ella, UstedesPuede
59%
Puedes
59%
YoPuedo
59%
11
58%
NosotrosPodemos
57%
Ellos, Ellas, UstedesPueden
57%
Yovoy
57%
El, Ella, Ustedhace
56%
haces
56%
VosotrosPodéis
56%
El, Ella, UstedesSabe
56%
NosotrosSabemos
56%
Sabes
56%
El, Ella, Ustedesva
56%
Nosotrosvamos
56%
vas
56%
Vosotroshacéis
55%
Nosotroshacemos
55%
Ellos, Ellas, Ustedeshacen
55%
VosotrosSabéis
55%
Ellos, Ellas, UstedesSaben
55%
Ellos, Ellas, Ustedesvan
54%
Vosotrosvais
53%
22
51%
DireDecir
51%
33
50%
El, Ella, UstedDice
50%
Dices
50%
Yohago
50%
44
49%
Ellos, Ellas, Ustedesduermen
49%
El, Ella, UstedQuiere
49%
YoQuiero
49%
VouloirQuerer
48%
Quieres
48%
YoDigo
47%
tenes
47%
Ellos, Ellas, UstedesDicen
46%
VosotrosQueréis
46%
NosotrosQueremos
46%
Yo
45%
MettrePoner
44%
NosotrosDecimos
43%
55
42%
88
42%
El, Ella, UstedPone
42%
VosotrosPonéis
42%
NosotrosPonemos
42%
Pones
42%
Vives
42%
VivreVivir
42%
YoVivo
42%
66
41%
Ellos, Ellas, UstedesPonen
41%
YoPongo
41%
El, Ella, UstedVive
41%
77
40%
99
40%
1010
38%
Ellos, Ellas, UstedesViven
37%
VenirVenir
36%
NosotrosVivimos
36%
1111
35%
1212
35%
1313
34%
YoVengo
31%
VosotrosVivìs
31%
Vienes
30%
VosotrosDecis
29%
El, Ella, UstedViene
29%
1414
28%
AuxiliareHaber
27%
1616
25%
ResterQuedar
25%
YoQuedo
25%
1717
24%
El, Ella, UstedHa
24%
Has
24%
YoHe
24%
1818
23%
Ellos, Ellas, UstedesVienen
23%
1515
22%
Ellos, Ellas, UstedesHan
22%
NosotrosHemos
22%
El, Ella, UstedQueda
22%
VosotrosQuedàis
22%
NosotrosQuedamos
22%
Ellos, Ellas, UstedesQuedan
22%
Quedas
22%
El, Ella, UstedToma
22%
PrendreTomar
22%
Tomas
22%
1919
21%
Vosotrosdormis
21%
NosotrosTomamos
21%
Ellos, Ellas, UstedesToman
21%
YoTomo
21%
VosotrosHabéis
20%
VosotrosTomais
20%
NosotrosVenimos
19%
VosotrosVenìs
18%
Nosotrosdorminos
4%
El, Ella, UstedCome
3%
Voir, RegarderComer
3%
Comes
3%
YoComo
3%
Ellos, Ellas, UstedesQuirene
3%
VosotrosComéis
2%
NosotrosComemos
2%
Ellos, Ellas, UstedesComen
2%
El, Ella, UstedVe
2%
VosotrosVeis
2%
NosotrosVemos
2%
Ellos, Ellas, UstedesVen
2%
YoVeo
2%
ParlerVer
2%
Ves
2%

Distribution des résultats

Percentile par nombre de réponses

% des personnes avec chaque résultat

Votre développement - résultats

Vous n’avez pas pris ce quiz depuis la dernière actualisation